Datum a čas kvízu
25.5
Celkem bodů
Celkový počet nahraných bodů na tomto kvízu bez doplňovacích otázek.
12.
Pořadí na kvízu
Konečné umístění týmu na tomto kvízu.
Zaznamenané odpovědi
| # | Otázka | Odpověď | Body | Výsledky |
|---|---|---|---|---|
| 1. | Česká advokátní komora uložila... | 1 | ||
| 2. | Nejmodernější typ policejního... | 1 | ||
| 3. | Ve zlínském obchodním a zábavn... | 1 | ||
| 4. | Po deseti letech končí udílení... | 1 | ||
| 5. | Němečtí fotbalisté Mesut Özil... | 1 | ||
| 6. | Dědictví aneb Kurvahošigutntag... | 1 | ||
| 7. | Bohuš: "Není to ___, ten Kája?... | 0 | ||
| 8. | Kterou značku cigaret má Bohuš... | 0 | ||
| 9. | Kterou polévku si objednal prá... | 0 | ||
| 10. | Pták, kterého Bohuš koupil Ire... | 0 |